000 00310nam a2200133 i 4500
001 bg
100 1 _aROSTOWSKI, J.
245 0 _aZarys psychologii małżeństwa /
_cJ. Rostowski.
260 _aWarszawa,
_c1987.
040 _cBPK
041 _apol
942 _cKS
008 s pl f |000 0 pol
999 _c23650
_d23650
856 _uhttp://koha.tu.koszalin.pl/cgi-bin/koha/opac-detail.pl?biblionumber=23650
_yKatalog online BPK